Beati Gregorii Papae Operum. (Record no. 311830)
[ view plain ]
| 000 -LEADER | |
|---|---|
| fixed length control field | 00944nam a2200289 a 4500 |
| 001 - CONTROL NUMBER | |
| control field | 000893076 |
| 003 - CONTROL NUMBER IDENTIFIER | |
| control field | AM-YeHGA |
| 005 - DATE AND TIME OF LATEST TRANSACTION | |
| control field | 20250617145430.0 |
| 008 - FIXED-LENGTH DATA ELEMENTS--GENERAL INFORMATION | |
| fixed length control field | 120522s1583 ||| r 000 0 lat d |
| 040 ## - CATALOGING SOURCE | |
| Original cataloging agency | AM-YeHGA |
| 041 0# - LANGUAGE CODE | |
| Language code of text/sound track or separate title | lat |
| 090 ## - LOCALLY ASSIGNED LC-TYPE CALL NUMBER (OCLC); LOCAL CALL NUMBER (RLIN) | |
| -- | 313548 |
| 100 0# - MAIN ENTRY--PERSONAL NAME | |
| Personal name | Gregory, |
| Titles and words associated with a name | Pope |
| 240 10 - UNIFORM TITLE | |
| Uniform title | Works |
| 245 10 - TITLE STATEMENT | |
| Title | Beati Gregorii Papae Operum. |
| 246 13 - VARYING FORM OF TITLE | |
| Title proper/short title | Omnia quae extant |
| 246 13 - VARYING FORM OF TITLE | |
| Title proper/short title | Beati Gregorii Papae Operum tomi secundi & ultimi |
| 246 30 - VARYING FORM OF TITLE | |
| Title proper/short title | Operum. |
| 260 ## - PUBLICATION, DISTRIBUTION, ETC. | |
| Place of publication, distribution, etc. | S.l. : |
| Name of publisher, distributor, etc. | S.n., |
| Date of publication, distribution, etc. | s.a. |
| 300 ## - PHYSICAL DESCRIPTION | |
| Extent | v. ; |
| Dimensions | 21 cm. |
| 500 ## - GENERAL NOTE | |
| General note | T.p. is omitted; Title from p. 1152 |
| -- | FSL |
| 500 ## - GENERAL NOTE | |
| General note | On p. 861 : Beati Gregorii in Primvm Samvelis, qvi et regvm dicitvr. ... |
| 500 ## - GENERAL NOTE | |
| General note | Includes index : "Index opervm B. Gregorii Magni, continens rervm, verborvm, dictorvm. ..." |
| 505 10 - FORMATTED CONTENTS NOTE | |
| Miscellaneous information | [T. 2] (p. 861-1152, [170] p.) |
| 650 14 - SUBJECT ADDED ENTRY--TOPICAL TERM | |
| Topical term or geographic name entry element | Theology |
| General subdivision | Early works to 1800 |
| 650 14 - SUBJECT ADDED ENTRY--TOPICAL TERM | |
| Topical term or geographic name entry element | Theology |
| General subdivision | History |
| Chronological subdivision | Early church, ca. 30-600 |
| Withdrawn status | Lost status | Source of classification or shelving scheme | Damaged status | Not for loan | Collection | Home library | Current library | Date acquired | Serial enumeration / chronology | Total checkouts | Full call number | Barcode | Date last seen | Price effective from | Koha item type | Public note |
|---|---|---|---|---|---|---|---|---|---|---|---|---|---|---|---|---|
| Universal Decimal Classification | Hambardzumyan Individual Collection | Fundamental Scientific Library | Fundamental Scientific Library | 09/01/2017 | [T. 2] | Amb/651 | FL0230117 | 09/01/2017 | 09/01/2017 | Գրքեր / Books | ILL Non-Circ. |
ՀՀ Գիտությունների ազգային ակադեմիայի հիմնարար գիտական գրադարան = Fundamental Scientific Library of NAS RA
All site content, except where otherwise noted, is licensed under a